000 03416cam a22004458a 4500
001 16323992
005 20110308113929.0
008 100709s2011 nyu | b 001 0deng d
010 _a 2010028836
020 _a9780071289528
040 _aDLC
_cDLC
050 0 0 _aHM1261
_b.L413 2010
082 0 0 _a303.34
_222
_bLEA
245 0 0 _aLeaders & the Leadership Process :
_bReadings, Self-Assessments & Applications /
_c[edited by] Jon L. Pierce, John W. Newstrom.
246 3 _aLeaders and the leadership process
250 _a6th ed.
_bMcGraw- Hill International Edition.
260 _aNew York, NY :
_bMcGraw-Hill,
_cc2011.
300 _axlvi, 495p. :
_bill.;
_c24 cm.
504 _aIncludes bibliographical references and index.
541 _aBacca ;
650 0 _aLeadership.
_922634
650 0 _aLeadership
_vCase studies.
_922635
650 0 _aLeadership
_vProblems, exercises, etc.
_922636
700 1 _aPierce, Jon L.
_q(Jon Lepley)
_eEditor
_922637
700 1 _aNewstrom, John W.
_eEditor
_922638
942 _2ddc
_cBB
999 _c15028
_d15028